| 000 | 00593 a2200169 4500 | ||
|---|---|---|---|
| 003 | Nust | ||
| 005 | 20221227134950.0 | ||
| 040 | _cNust | ||
| 082 | _a355.02,BAR | ||
| 100 |
_akimber, William _9106070 |
||
| 245 |
_aThe Desert Generals / _cWilliam kimber |
||
| 260 |
_aLondon _bW & K |
||
| 300 | _a320:p | ||
| 505 | _aPart 1:- The Forgotten Victor (Page-17), Part 2:- The Blunt Battleaxe (Page-65), Part 4:- The Price of Duty (Page-77), Part 5:- The Image of a General (Page-11), Part 6:- Military Messah (Page-233). | ||
| 650 |
_aThe Desert Generals _9106063 |
||
| 942 |
_2ddc _cBK _k355.02,BAR |
||
| 999 |
_c185132 _d185132 |
||